Robin Hood of Sherwood Forest / (Record no. 34072)
[ view plain ]
| 000 -LEADER | |
|---|---|
| fixed length control field | 00948cam a22003131 4500 |
| 001 - CONTROL NUMBER | |
| control field | 3120405 |
| 003 - CONTROL NUMBER IDENTIFIER | |
| control field | OSt |
| 005 - DATE AND TIME OF LATEST TRANSACTION | |
| control field | 20140310184408.0 |
| 008 - FIXED-LENGTH DATA ELEMENTS--GENERAL INFORMATION | |
| fixed length control field | 851001s1968 nyua j 000 1 eng |
| 010 ## - LIBRARY OF CONGRESS CONTROL NUMBER | |
| LC control number | 68011066 |
| 020 ## - INTERNATIONAL STANDARD BOOK NUMBER | |
| International Standard Book Number | 0439236398 |
| 040 ## - CATALOGING SOURCE | |
| Original cataloging agency | DLC |
| Transcribing agency | DLC |
| Modifying agency | DLC |
| 042 ## - AUTHENTICATION CODE | |
| Authentication code | lcac |
| 050 00 - LIBRARY OF CONGRESS CALL NUMBER | |
| Classification number | PZ 8.1 |
| Item number | .M173 1968 |
| 100 1# - MAIN ENTRY--PERSONAL NAME | |
| Personal name | McGovern, Ann. |
| 9 (RLIN) | 5437 |
| 245 10 - TITLE STATEMENT | |
| Title | Robin Hood of Sherwood Forest / |
| Statement of responsibility, etc | Told by Ann McGovern. Illustrated by Arnold Spilka. |
| 260 ## - PUBLICATION, DISTRIBUTION, ETC. (IMPRINT) | |
| Place of publication, distribution, etc | New York : |
| Name of publisher, distributor, etc | Crowell, |
| Date of publication, distribution, etc | 1968. |
| 300 ## - PHYSICAL DESCRIPTION | |
| Extent | 164 p. : |
| Other physical details | ill. ; |
| Dimensions | 21 cm. |
| 521 ## - TARGET AUDIENCE NOTE | |
| Target audience note | |
| 526 ## - STUDY PROGRAM INFORMATION NOTE | |
| Reading level | 1050 |
| 650 #0 - SUBJECT ADDED ENTRY--TOPICAL TERM | |
| Topical term or geographic name as entry element | Robin Hood (Legendary character) |
| General subdivision | Legends. |
| 9 (RLIN) | 25943 |
| 650 #1 - SUBJECT ADDED ENTRY--TOPICAL TERM | |
| Topical term or geographic name as entry element | Robin Hood (Legendary character) |
| General subdivision | Legends. |
| 9 (RLIN) | 25944 |
| 700 1# - ADDED ENTRY--PERSONAL NAME | |
| Personal name | Spilka, Arnold, |
| Relator term | illus. |
| 9 (RLIN) | 25945 |
| 730 0# - ADDED ENTRY--UNIFORM TITLE | |
| Uniform title | Robin Hood (Legend). |
| Language of a work | English. |
| 9 (RLIN) | 25946 |
| 906 ## - LOCAL DATA ELEMENT F, LDF (RLIN) | |
| a | 7 |
| b | cbc |
| c | orignew |
| d | u |
| e | ocip |
| f | 19 |
| g | y-gencatlg |
| 942 ## - ADDED ENTRY ELEMENTS (KOHA) | |
| Source of classification or shelving scheme | Library of Congress Classification |
| Koha item type | |
| Withdrawn status | Lost status | Source of classification or shelving scheme | Damaged status | Home library | Current library | Shelving location | Date acquired | Total Checkouts | Full call number | Barcode | Date last seen | Date checked out | Copy number | Price effective from | Koha item type |
|---|---|---|---|---|---|---|---|---|---|---|---|---|---|---|---|
| Library of Congress Classification | Luxembourg Library | Luxembourg Library | Scholastic Reading Center Section | 10/08/2013 | 1 | PZ 8.1 .M173 1968 | LEX2522 | 09/14/2017 | 09/13/2017 | 1 | 10/08/2013 | Books | |||
| Library of Congress Classification | Luxembourg Library | Luxembourg Library | Scholastic Reading Center Section | 10/08/2013 | PZ 8.1 .M173 1968 | LEX2523 | 04/18/2017 | 2 | 10/08/2013 | Books |